01643nam a2200301 a 450000100100000000500170001000800410002704000250006808200180009310000430011124501030015426000630025730000210032049000320034150000730037359000250044665000250047165000390049670000320053583000390056791000370060695201310064395201220077495201170089695201890101395201220120299900170132400003319120200930070104.0110818s1982 dr 000 0 spa d aDO-SdBNPbspacBNPHU a069.15bC963s1 aCucurullo de Engelmann, Gina M.95882910aSobre museos y sus servicios educativos /cGina M. Cucurullo de Engelmann ; editor Pedro Santiago. aSanto Domingo :bPublicaciones de las Casas Reales,c1982. a203 p. ;c23 cm.1 aMuseografía y educación aIncluye datos biográficos de la autora en la solapa de la cubierta aInventariado,2018/DG 4aMuseografía945542 4aMuseosxAspectos educativos95883012aSantiago, Pedroeed.958831 0aMuseografía y educación958832 aValidado. Control de calidad MFF 001054708DSaGRbGRcHDd2013-05-08iLF1l0o069.15 C963sp33191-30r2020-06-25te. 3w2020-06-25yLFDSZPréstamo en sala 0010718DSaGRbGRcHDd2018-10-12iLF1l0o069.15 C963sp33191-40r2020-06-25te. 4w2020-06-25yLFDSZNo se presta 00107-18PDaGRbGRcOId2019-08-13iLF1l0o069.15 C963sp33191-50r2020-06-25w2020-06-25yLFPDZNo se presta 0010718PDaPDbPDcHDd2011-08-18iLF1l0o069.15 C963sp33191-10r2020-06-25w2020-06-25yLFPDzPerteneció a la biblioteca personal de Juan Isidro Jimenes Grullón.ZNo se presta 0010718PDaPDbPDcHDd2013-05-08iLF1l0o069.15 C963sp33191-20r2020-06-25te. 2w2020-06-25yLFPDZNo se presta c32682d32682